Progressively Harder Cities on a Map - Statistics

General Stats
  • This quiz has been taken 2,870 times
    2,642 since last reset
  • The average score is 68 of 100
Answers on the Map
Answers color-coded by a green-red scale on the quiz's map according to % correct below.
 
Answer Stats
% City Country % Correct
100% New York City United States
100%
98% London United Kingdom
99%
96% Los Angeles United States
99%
95% Madrid Spain
99%
94% Moscow Russia
99%
97% Paris France
99%
99% Tokyo Japan
99%
89% Cairo Egypt
98%
93% Delhi India
98%
88% Istanbul Turkey
98%
92% Mexico City Mexico
98%
91% Miami United States
98%
90% Rio de Janeiro Brazil
98%
85% Buenos Aires Argentina
97%
87% Chicago Illinois
97%
86% San Francisco United States
97%
81% Bangkok Thailand
96%
83% Jakarta Indonesia
96%
79% Seoul South Korea
96%
84% Shanghai China
96%
77% Johannesburg South Africa
95%
80% Manila Philippines
95%
82% São Paulo Brazil
95%
78% Tehran Iran
95%
76% Toronto Canada
95%
75% Baghdad Iraq
94%
72% Hong Kong China
93%
74% Lagos Nigeria
93%
73% Osaka Japan
93%
71% Riyadh Saudi Arabia
92%
69% Alexandria Egypt
91%
63% Athens Greece
91%
62% Lisbon Portugal
91%
61% Reykjavik Iceland
91%
60% Stockholm Sweden
91%
65% Hanoi Vietnam
90%
68% Nairobi Kenya
90%
67% Dhaka Bangladesh
89%
66% Ho Chi Minh City Vietnam
89%
56% Melbourne Australia
89%
59% Porto Portugal
89%
64% Kinshasa D. R. Congo
88%
55% Liverpool United Kingdom
88%
58% Ottawa Canada
88%
54% Venice Italy
88%
70% Guangzhou China
86%
50% Tallinn Estonia
86%
53% Anchorage United States
85%
57% Sana'a Yemen
84%
47% Tirana Albania
83%
46% Kraków Poland
82%
51% Valencia Spain
82%
52% Dar es Salaam Tanzania
81%
49% Edmonton Canada
81%
48% Bordeaux France
79%
45% Malmö Sweden
78%
43% Oklahoma City United States
74%
41% Pristina Kosovo
74%
44% Hiroshima Japan
73%
38% Izmir Turkey
69%
37% Fes Morocco
68%
39% Donetsk Ukraine
67%
42% Victoria Seychelles
66%
35% Sevastopol Ukraine
64%
30% Ouagadougou Burkina Faso
63%
40% Sheffield United Kingdom
62%
36% Basel Switzerland
61%
31% Urumqi China
58%
33% Sochi Russia
54%
29% Heraklion Greece
53%
34% Oran Algeria
50%
28% Novi Sad Serbia
49%
32% Regina Canada
49%
16% Cotonou Benin
43%
27% Jersey City United States
43%
24% Maracaibo Venezuela
43%
25% Arkhangelsk Russia
39%
23% Akron United States
36%
22% Košice Slovakia
34%
17% Qingdao China
31%
19% Aswān Egypt
30%
26% Maastricht Netherlands
30%
13% Kunming China
29%
15% Dunedin New Zealand
27%
12% Gaziantep Turkey
27%
20% Kristiansand Norway
24%
18% Osh Kyrgyzstan
24%
8% Batumi Georgia
23%
14% Nagpur India
22%
11% Kochi India
19%
9% Vitebsk Belarus
17%
5% Tyre Lebanon
16%
4% Macapá Brazil
12%
3% Mazar-i-Sharif Afghanistan
11%
10% Villahermosa Mexico
11%
21% San-Pédro Ivory Coast
10%
7% Ajman United Arab Emirates
8%
6% Paarl South Africa
8%
2% Samarinda Indonesia
7%
1% Portoviejo Ecuador
4%
No matching quizzes found
Score Distribution
Percent of People with Each Score
Percentile by Number Answered
Your Score History
You have not taken this quiz since the last reset